000 00620nam a2200217Ia 4500
005 20250923144855.0
008 008 250917s9999 xx 000 0 eng d
037 _aTextual
040 _aDSWL
_beng
_cDSWL
041 _aeng
_2eng
084 _aY1:X:9.73.N5, K0
_qDSWL
100 _aForm, Willan H.
_9829312
245 0 _aIndustry Labour and Community
_cby Willan H. Form
260 _aNew York
_bHarper & Brother
_c1960
300 _axiv,740p.
365 _aUSD
_b9
700 _aDelbert Miller
_9829313
925 _g9
942 _cTEXL
_hY1:X:9.73.N5, K0
999 _c1444443
_d1444443